| 000 | 00482cam a22001457a 4500 | ||
|---|---|---|---|
| 008 | 180718b2013 xxu||||| |||| 00| 0 eng d | ||
| 020 | _a9781612513119 | ||
| 082 | _aDx73 L172 | ||
| 100 | _aLambeth, Bejamin S. | ||
| 245 |
_aThe unseen war : allied air power and the takedown of Saddam Hussein _cby Bejamin S. Lambeth |
||
| 260 |
_aMaryland _bNaval Institute Press _c2013 |
||
| 300 | _a435p. | ||
| 650 | _aUnited States - Central commands - History | ||
| 650 | _aIraq war, 2003-2011 | ||
| 999 |
_c444968 _d444968 |
||